=LDR 00000nam 2200000 4500 =001 INLIS000000000040580 =005 20130612150137 =008 ***********************************ind** =035 ##$$0010-061300000040580 =041 ##$$a ind =082 ##$$a 650 =090 ##$$a 650 , Has,r =100 ##$$a HASUKI, Irfan =245 ##$$a Rupia Meriah dari Bisnis mainan anak edukatif , Irfan Hasuki =260 ##$$a 2010 $b Jakarta =300 ##$$a vi,144 hlm. , Illus , 21 cm =650 ##$$a BISNIS =700 ##$$a YULIA =850 ##$$a NBPNMAT